| 000 | 00852cam a22002531 4500 | ||
|---|---|---|---|
| 001 | sa 68015973 | ||
| 003 | DLC | ||
| 005 | 20260227112651.0 | ||
| 008 | 700630s1968 ii b 000 0 eng | ||
| 010 | _asa 68015973 //r953 | ||
| 025 | _aPL480:I-E-9696 | ||
| 040 |
_aDLC _cDLC _dDLC |
||
| 050 | 0 | 0 |
_aPS3509.L43 _bZ887 1968b |
| 082 | 0 | 0 | _a821/.9/12 |
| 100 | 1 | 0 | _aVerma, Rajendra. |
| 245 | 1 | 0 |
_aRoyalist in politics; _bT. S. Eliot and political philosophy. |
| 260 | 0 |
_aBombay, _aNew York, _bAsia Pub. House _c[1968] |
|
| 300 |
_axi, 192 p. _c23 cm. |
||
| 350 | _a22.00 | ||
| 500 | _aA revision of the author's thesis, Nagpur University, 1955. | ||
| 504 | _aBibliographical footnotes. | ||
| 600 | 1 | 0 |
_aEliot, T. S. _q(Thomas Stearns), _d1888-1965 _xPolitical and social views. |
| 650 | 0 |
_aPolitics and literature _zGreat Britain _xHistory _y20th century. |
|
| 999 |
_c86848 _d86848 |
||